000 00834nam a2200193 i 4500
001 151079
003 ES-MaACL
005 20230906203828.0
007 t|
008 071204s1966 ne ||||1| por d
110 2 _aRijksuniversiteit te Utrecht.
_bBibliotheek.
_96452
245 1 0 _aPortugal e o Brasil
_b: catálogo de livros portugueses e publicacôes estrangeiras sobre Portugal e o Brasil /
_ceditado pela Biblioteca da Universidade de Utrecht em colaboracâo com o Instituto de Estudos Hispânicos, Portugueses e Ibero-Americanos da Universidade de Utrecht.
260 _aUtrecht :
_bUniversiteits Bibliotheek,
_c1966.
300 _aVIII, 382 p. ;
_c24 cm.
505 8 _aContiene: Tº 3º
651 4 _aPortugal-
_xBibliografías.
_99248
651 4 _aBrasil-
_xBibliografías.
_97889
852 _aES-MaACL
_jC-31215
_bR.61909
999 _c151079
_d151079